000 00251nam a2200097Ia 4500
001 696182
005 20250826162008.0
008 250824s9999 xx 000 0 und d
245 0 _aISSIZLIĞIN ORTASI/M.EROĞLU/EVEREST
_cMEHMET EROĞLU
260 _bEVEREST
999 _c696182
_d696182